[Event "RUS-chT U18"]
[Site "Sochi"]
[Date "2007.05.04"]
[Round "?"]
[White "Ljubovoj, D."]
[Black "Yarullina, Alina"]
[Result "1-0"]
[WhiteElo "2021"]
[BlackElo "1986"]
[PlyCount "145"]
[EventDate "2007.05.02"]
[EventType "team"]
[EventRounds "9"]
[EventCountry "RUS"]
[SourceTitle "CBM 118 Extra"]
[Source "ChessBase"]
[SourceDate "2007.07.04"]
[SourceVersion "1"]
[SourceVersionDate "2007.07.04"]
[SourceQuality "1"]

1. d4 Nf6 2. c4 g6 3. Nc3 Bg7 4. e4 d6 5. Be2 0-0 6. Nf3 e5 7. d5 Na6 8. Bg5 h6 9. Bh4 g5 10. Bg3 Nxe4 11. Nxe4 f5 12. Nfd2 fxe4 13. Nxe4 Bf5 14. Bd3 g4 15. 0-0 h5 16. f3 Bxe4 17. Bxe4 Nc5 18. Qe2 Nxe4 19. fxe4 Qg5 20. Bf2 Bh6 21. Rae1 h4 22. Be3 Qxe3+ 23. Qxe3 Bxe3+ 24. Rxe3 Rf4 25. g3 hxg3 26. hxg3 Rxf1+ 27. Kxf1 Kg7 28. Kg2 Rf8 29. Ra3 a6 30. b4 Kf6 31. c5 Ke7 32. Rc3 Kd7 33. a3 Rf6 34. c6+ Kc8 35. a4 bxc6 36. dxc6 Kb8 37. Rb3 Ka7 38. a5 Rf8 39. Rd3 Kb8 40. Rb3 Ka8 41. Rc3 Rb8 42. Rb3 Rb5 43. Kf2 d5 44. exd5 Rxd5 45. Ke3 Rd4 46. b5 axb5 47. Rxb5 Rc4 48. Rxe5 Rxc6 49. Kf4 Rc4+ 50. Re4 Rc5 51. Ra4 Rc1 52. Kxg4 c5 53. Kf4 c4 54. g4 c3 55. Ke3 Ka7 56. a6 Rg1 57. Kd3 Rg3+ 58. Kc2 Rf3 59. Ra5 Rg3 60. g5 Rf3 61. Ra4 Rg3 62. Ra5 Rf3 63. Rc5 Rg3 64. Rc7+ Kxa6 65. Rg7 Kb5 66. g6 Kc4 67. Rg8 Rg2+ 68. Kc1 c2 69. g7 Rf2 70. Rf8 Re2 71. g8Q+ Kc3 72. Rc8+ Kd3 73. Qc4+ 1-0